Sports Quiz

Random Sports or Football Quiz

Football Mascots By Team Quiz Stats

 Plays Quiz not verified by Sporcle

Challenge
Share
Tweet
Embed
Score 0/20 Timer 06:00
0 Plays Today
Mascot Team % Correct
Gunnersaurus RexArsenal
96.1%
Stamford LionChelsea
93.5%
Monty MagpieNewcastle United
90.9%
Mr ToffeeEverton
90.9%
Herbie The HammerWest Ham United
88.3%
Fred The RedManchester United
81.8%
Roary The TigerHull City
79.2%
Super SaintSouthampton
79.2%
Ozzie The OwlSheffield Wednesday
76.6%
Harry The HornetWatford
70.1%
Mascot Team % Correct
Pete The EagleCrystal Palace
68.8%
Pilgrim PetePlymouth Argyle
67.5%
Kingsley RoyalReading
67.5%
Chirpy CockerelTottenham Hotspur
64.9%
Wolfie and WendyWolverhampton Wanderers
62.3%
Sammy The ShrimpSouthend United
48.1%
Lucas The Kop KatLeeds United
39%
Chaddy The OwlOldham Athletic
32.5%
Lofty The LionBolton Wanderers
26%
Roary The LionMiddlesbrough
20.8%

You're not logged in!

Compare scores with friends on all Sporcle quizzes.
OR
Log In

You Might Also Like...

Show Comments

Extras

Created Mar 25, 2010ReportNominate
Tags:Football Quiz, mascot, team

Top Quizzes Today


Score Distribution

Your Account Isn't Verified!

In order to create a playlist on Sporcle, you need to verify the email address you used during registration. Go to your Sporcle Settings to finish the process.

Report this User

Report this user for behavior that violates our Community Guidelines.

Details: